000 00342nam a2200145Ia 4500
003 OSt
005 20231215065813.0
008 170524s9999 xx 000 0 und d
020 _a9788189161460
040 _cIIMT UNIVERSITY
100 _aSINGH- DHARMENDRA
245 0 _a MEDIA AND MANDAL
260 _bADHYAYAN : NEW DELHI
942 _2ddc
_c01
999 _c9041
_d9041